00582nam a2200205Ia 4500001001000000003000500010008004100015010001100056040000900067082001600076100003400092245009200126260003100218300001100249650002700260650002300287650002300310700003300333710001000366Para_1957CHAP220125s1996 xx 000 0 und d a200564 cCHAP aPA 574.5 G7 aGranados Sánchez, Diódoro aAgroecología /c por Diódoro Granados Sánchez, Georgina Florencia López Ríos aChapingo, Méx. :b UACh a420 p. aEcología agrícola  aEcología animal  aEcología vegetal aLópez Ríos, G. Florencia aUACh.